[Event "Sunningdale e2e4 op U1800 05"]
[Site "Sunningdale"]
[Date "2013.05.26"]
[Round "5"]
[White "Sandercock, E Barry"]
[Black "Stallan, David"]
[Result "1-0"]
[WhiteElo "1767"]
[BlackElo "1529"]
[PlyCount "111"]
[EventDate "2013.05.25"]
[EventType "swiss"]
[EventRounds "7"]
[EventCountry "ENG"]
[SourceTitle "EXT 2014"]
[Source "ChessBase"]
[SourceDate "2013.11.20"]
[SourceVersion "1"]
[SourceVersionDate "2013.11.20"]
[SourceQuality "1"]

1. Nf3 Nf6 2. d4 d5 3. e3 e6 4. Bd3 Nc6 5. b3 Bd6 6. Bb2 Bd7 7. Nbd2 Nb4 8. Be2 Nc6 9. a3 h6 10. Bd3 a6 11. Ne5 0-0 12. f4 Be7 13. 0-0 Nxe5 14. fxe5 Nh7 15. c4 dxc4 16. bxc4 f5 17. e4 f4 18. Qg4 Bg5 19. Qe2 c6 20. c5 b5 21. cxb6 Qxb6 22. Nc4 Qc7 23. a4 Be7 24. Kh1 a5 25. Qc2 Rf7 26. d5 Qd8 27. Nd6 Bxd6 28. exd6 Rc8 29. dxe6 Bxe6 30. e5 Nf8 31. Be4 Bd7 32. Qd2 Ne6 33. Bc3 Ra8 34. Rab1 Nc5 35. Bg6 Rf8 36. Rxf4 Rxf4 37. Qxf4 Be6 38. Qd4 Nd7 39. Bc2 Qg5 40. Bd2 Qxe5 41. Qxe5 Nxe5 42. Re1 Nc4 43. Bf4 Bd5 44. d7 Kf8 45. Bc7 Kf7 46. d8Q Rxd8 47. Bxd8 Be6 48. Bb3 Bd5 49. Bxc4 Bxc4 50. Bxa5 Bb3 51. Re4 Bd5 52. Re3 Be6 53. Bb4 g6 54. a5 h5 55. a6 Bc8 56. a7 1-0

[Event "Sunningdale e2e4 op U1800 05"]
[Site "Sunningdale"]
[Date "2013.05.26"]
[Round "4"]
[White "Stallan, David"]
[Black "Sanitt, Ethan"]
[Result "1/2-1/2"]
[WhiteElo "1529"]
[BlackElo "1495"]
[PlyCount "54"]
[EventDate "2013.05.25"]
[EventType "swiss"]
[EventRounds "7"]
[EventCountry "ENG"]
[SourceTitle "EXT 2014"]
[Source "ChessBase"]
[SourceDate "2013.11.20"]
[SourceVersion "1"]
[SourceVersionDate "2013.11.20"]
[SourceQuality "1"]

1. e4 e5 2. Nf3 Nc6 3. d4 exd4 4. Nxd4 Bc5 5. Be3 Qf6 6. c3 Nge7 7. Qe2 Bxd4 8. cxd4 Nxd4 9. Bxd4 Qxd4 10. Qd3 Qxb2 11. Qc3 Qxc3+ 12. Nxc3 0-0 13. Bd3 Nc6 14. 0-0 d6 15. Nd5 Ne5 16. Nxc7 Rb8 17. Bc2 Bd7 18. Nd5 Be6 19. Rfd1 Bxd5 20. Rxd5 Rfd8 21. Rad1 Rbc8 22. Rxd6 Rxd6 23. Rxd6 h6 24. Bb3 Rc6 25. Rd8+ Kh7 26. f3 Rc7 27. Kf1 Kg6 1/2-1/2